Digitalisierung und der elektronischen Zugang zu Archivbeständen in Tschechien, der Slowakei und Ungarn

Titel: Digitalisierung und der elektronischen Zugang zu Archivbeständen in Tschechien, der Slowakei und Ungarn : aktueller Stand und Ausblick / von Juraj Sedivy
Verfasser:
In: Archivalische Zeitschrift, Band 91 (2009), Seite [247]-265
alle Artikel anzeigen
Veröffentlicht: 2009
Umfang: Ill.
Format: Aufsatz
Sprache: Sprache nicht angegeben
Kein Bild verfügbar
X
alg: 40563287
001A    $01999:11-07-17 
001B    $03025:30-04-19 $t08:14:50.000 
001D    $01999:11-07-17 
001U    $0utf8 
001X    $00 
002@    $0Aox 
003@    $0405632878 
007A    $0405632878 $aHEB 
007T    $0StAMz0048033 
009P    $A2 $3Zusätzliche Angaben $uhttp://www.monasterium.net 
010@    $aund 
011@    $a2009 
021A    $aDigitalisierung und der elektronischen Zugang zu Archivbeständen in Tschechien, der Slowakei und Ungarn $daktueller Stand und Ausblick $hvon Juraj Sedivy 
028A    $BVerfasser $4aut $8Šedivý, Juraj$Z1971- [Tp3] $9448073323 
031A    $d91 $h[247]-265 $j2009 
034M    $aIll. 
037A    $aLiteraturangaben 
039B    $aIn: $8--Abvc--. Archivalische Zeitschrift. - Köln : Böhlau, 1876-. - ISSN 0003-9497 $x200900000910000753 $9047256281 
045T    $a8 

lok: 40563287 74

exp: 40563287 74 1 #EPN
201B/01 $022-05-18 $t08:55:44.000 
201C/01 $022-05-18 
201U/01 $0utf8 
203@/01 $01022366130 
208@/01 $a22-05-18 $bf 
209A/01 $aA 112/5 - 91 - $ds $f000 $x00 
245Z/01 $aA 000112/00005 - 91 - $x01 
247C/01 $8618460-1 <460>Darmstadt, Hessisches Staatsarchiv Darmstadt, Bibliothek $9102600937 

lok: 40563287 78

exp: 40563287 78 1 #EPN
201B/01 $003-11-17 $t12:24:35.000 
201C/01 $003-11-17 
201U/01 $0utf8 
203@/01 $01010361112 
208@/01 $a03-11-17 $be 
209A/01 $a/ $f000 $x00 
209A/01 $ab*p $x01 
220C/01 $aeja 
244Z/01 $#Böhmische Kronländer $#Länder der Böhmischen Krone $#Sudetenland $#Böhmen $#Mähren $#Mährisch-Schlesien $#Österreichisch-Schlesien $#Tschechische Sozialistische Republik Böhmische Länder $#Tschechei Böhmische Länder $#Země koruny české $74069573-6 $8--Tg1--Böhmische Länder $x03 $9085195553 
244Z/01 $#Slowakei $#Slowakei $#Slowakische Republik $#Oberungarn $#Slovensko $#Slovenská Republika $#Slovenská SR $#SSR $#Slovakia $#Slovaquie $#Slovak Republic $#République Slovaque $#Slovenská Socialistická Republika $#Slowakische Sozialistische Republik $#Slovak Socialist Republic $#République Socialiste Slovaque $74055297-4 $8--Tg1--Slowakei $x05 $9085153834 
244Z/01 $#Ungarn $#Ungarn $#Ungarische Räterepublik $#Königreich Ungarn $#Die @Länder der ungarischen Krone $#Transleithanien $#Magyarország $#Magyar Köztársaság $#Magyar Tanácsköztársaság $#Government of the Hungarian Republic $#Zemalja Ugarske Krune $#VNR $#Ungern $#Ungarische Republik $#Republik Ungarn $#Ungarische Volksrepublik $#Volksrepublik Ungarn $#Magyar Népköztársaság $#Hungary $#Hungarian Republic $#Hongrie $#Vengerskaja Narodnaja Respublika $#Hungarian People's Republic $#HPR Hungarian People's Republic $#République Populaire Hongroise $#Ungarische VR $#Republic of Hungary $#Vengrija $74078541-5 $8--Tgz--Ungarn $x15 $9085222712 
247C/01 $82080>Marburg/Lahn, Herder-Institut, Forschungsbibliothek, Bibliographieportal $9336309341 

lok: 40563287 103

exp: 40563287 103 1 #EPN
201B/01 $011-07-17 $t16:31:36.000 
201U/01 $0utf8 
203@/01 $01004170947 
208@/01 $a11-07-17 $bf 
209A/01 $ain: Z 485 $ds $f000 $hZ 485 $x00 
209G/01 $aMagazinbereich Dienstbibliothek $x01 
247C/01 $8658011-7 <2397>Mainz, Stadtarchiv Mainz, Bibliothek $9379188910
LEADER 00000caa a22000002c 4500
001 405632878
003 DE-603
005 20190430081450.0
007 tu
008 170711s2009 xx |||| | u00||u|und c
035 |a (DE-599)HEB405632878 
040 |a DE-603  |b ger  |c DE-603  |d DE-603 
041 |a und 
084 |a 8  |2 ssgn 
100 1 |a Šedivý, Juraj  |d 1971-  |e Verfasser  |4 aut  |0 (DE-603)448073323  |0 (DE-588)1184909229  |2 gnd 
245 0 0 |a Digitalisierung und der elektronischen Zugang zu Archivbeständen in Tschechien, der Slowakei und Ungarn  |b aktueller Stand und Ausblick  |c von Juraj Sedivy 
264 0 |c 2009 
300 |b Ill. 
500 |a Literaturangaben 
773 0 8 |i In:  |t Archivalische Zeitschrift  |d Köln : Böhlau, 1876-  |x 0003-9497  |g Band 91 (2009), Seite [247]-265  |w (DE-603)047256281  |w (DE-600)201051-3 
856 4 2 |u http://www.monasterium.net  |3 Zusätzliche Angaben 
924 0 |9 460  |a (DE-603)1022366130  |b DE-460  |c HES  |d d  |g A 112/5 - 91 - 
924 0 |9 2080  |a (DE-603)1010361112  |b DE-2080  |c HES  |d d  |g / 
924 0 |9 2397  |a (DE-603)1004170947  |b DE-2397  |c HES  |d d  |g in: Z 485